The elements of managed care : (Record no. 50976)

MARC details
000 -LEADER
fixed length control field 01110cam a2200289 a 4500
001 - CONTROL NUMBER
control field 12034335
003 - CONTROL NUMBER IDENTIFIER
control field OSt
005 - DATE AND TIME OF LATEST TRANSACTION
control field 20170704155736.0
008 - FIXED-LENGTH DATA ELEMENTS--GENERAL INFORMATION
fixed length control field 000608s2001 cau b 001 0 eng
010 ## - LIBRARY OF CONGRESS CONTROL NUMBER
LC control number 00043371
020 ## - INTERNATIONAL STANDARD BOOK NUMBER
International Standard Book Number 0534549748 (pbk.)
040 ## - CATALOGING SOURCE
Original cataloging agency DLC
Transcribing agency DLC
Modifying agency DLC
043 ## - GEOGRAPHIC AREA CODE
Geographic area code n-us---
050 00 - LIBRARY OF CONGRESS CALL NUMBER
Classification number RC466
Item number .D38 2001
082 00 - DEWEY DECIMAL CLASSIFICATION NUMBER
Classification number 362.2/04256/068
Edition number 21
100 1# - MAIN ENTRY--PERSONAL NAME
Personal name Davis, Susan R.,
Dates associated with a name 1956-
245 14 - TITLE STATEMENT
Title The elements of managed care :
Remainder of title a guide for helping professionals /
Statement of responsibility, etc Susan R. Davis, Scott T. Meier.
260 ## - PUBLICATION, DISTRIBUTION, ETC. (IMPRINT)
Place of publication, distribution, etc Belmont, CA :
Name of publisher, distributor, etc Wadsworth Thomson Learning,
Date of publication, distribution, etc c2001.
300 ## - PHYSICAL DESCRIPTION
Extent x, 107 p. :
Other physical details ill. ;
Dimensions 24 cm.
504 ## - BIBLIOGRAPHY, ETC. NOTE
Bibliography, etc Includes bibliographical references (p. 95-104) and index.
650 #0 - SUBJECT ADDED ENTRY--TOPICAL TERM
Topical term or geographic name as entry element Mental health counseling
General subdivision Practice
Geographic subdivision United States.
650 #0 - SUBJECT ADDED ENTRY--TOPICAL TERM
Topical term or geographic name as entry element Managed mental health care
Geographic subdivision United States.
700 1# - ADDED ENTRY--PERSONAL NAME
Personal name Meier, Scott T.,
Dates associated with a name 1955-
906 ## - LOCAL DATA ELEMENT F, LDF (RLIN)
a 7
b cbc
c orignew
d 1
e ocip
f 20
g y-gencatlg
942 ## - ADDED ENTRY ELEMENTS (KOHA)
Source of classification or shelving scheme Library of Congress Classification
Koha item type Book
Holdings
Withdrawn status Lost status Source of classification or shelving scheme Damaged status Not for loan Collection code Home library Current library Shelving location Date acquired Source of acquisition Cost, normal purchase price Total Checkouts Full call number Barcode Price effective from Koha item type
    Library of Congress Classification     Non-fiction Bishop Okullu Memorial Library (Limuru Campus) Bishop Okullu Memorial Library (Limuru Campus) General Circulation 04/07/2017 Donation-BFA 2000.00   RC466 .D38 2001 054210 04/07/2017 Book